Movies Quiz

Random Movies or Disney Quiz

Disney's Self-Proclaimed 'Masterpieces' Quiz Stats

 Plays Quiz not verified by Sporcle

Challenge
Share
Tweet
Embed
Score 0/44 Timer 10:00
0 Plays Today
Year Movie % Correct
1937Snow White and the Seven Dwarfs
94.2%
1949Cinderella
90%
1958Sleeping Beauty
84.3%
1992Aladdin
83.1%
1994The Lion King
83.1%
1991Beauty and the Beast
82.3%
1989The Little Mermaid
82%
1998Mulan
79.1%
1940Fantasia
74.5%
1940Pinocchio
74.1%
1941Dumbo
69.3%
1995Pocahontas
68.9%
1942Bambi
66.6%
1967The Jungle Book
64.1%
1952Peter Pan
62.8%
1999Tarzan
61.6%
1997Hercules
61.4%
1996The Hunchback of Notre Dame
60.3%
1955Lady and the Tramp
59.5%
1970The Aristocats
59.5%
1977The Rescuers
58%
1973Robin Hood
57%
Year Movie % Correct
1981The Fox and the Hound
56.2%
1999Fantasia 2000
54.7%
1961101 Dalmatians
54.3%
1990The Rescuers Down Under
52.6%
1951Alice in Wonderland
50.9%
1963The Sword in the Stone
47.8%
1988Oliver & Company
47.4%
1985The Black Cauldron
44.5%
2002Lilo and Stitch
41.5%
2000The Emperor's New Groove
39.2%
2003Brother Bear
38%
2001Atlantis: The Lost Empire
37.4%
1944The Three Caballeros
37%
1986The Great Mouse Detective
35.7%
2004Home on the Range
33.6%
1947Fun and Fancy Free
33%
2002Treasure Planet
32.6%
1946Make Mine Music
31.3%
1942Saludos Amigos
29.6%
1949The Adventures of Ichabod and Mr. Toad
28.6%
1977The Many Adventures of Winnie the Pooh
27.8%
1948Melody Time
26.5%

You're not logged in!

Compare scores with friends on all Sporcle quizzes.
OR
Log In

You Might Also Like...

Show Comments

Extras

Top Quizzes Today


Score Distribution

Your Account Isn't Verified!

In order to create a playlist on Sporcle, you need to verify the email address you used during registration. Go to your Sporcle Settings to finish the process.

Report this User

Report this user for behavior that violates our Community Guidelines.

Details: